Tình cát : tiểu thuyết
Zapisane w:
| 1. autor: | |
|---|---|
| Format: | Sách |
| Język: | Undetermined |
| Wydane: |
Hội Nhà văn
2015
|
| Hasła przedmiotowe: | |
| Etykiety: |
Dodaj etykietę
Nie ma etykietki, Dołącz pierwszą etykiete!
|
| Thư viện lưu trữ: | Trung tâm Thư viện - Trường Đại học Công nghiệp TP. Hồ Chí Minh |
|---|
| LEADER | 00546nam a2200157Ia 4500 | ||
|---|---|---|---|
| 001 | UIH_03868 | ||
| 008 | 231011s9999 xx 000 0 und d | ||
| 082 | |a 895.92234 | ||
| 100 | |a Nguyễn, Quang Lập | ||
| 245 | 0 | |a Tình cát : tiểu thuyết | |
| 245 | 0 | |c Nguyễn, Quang Lập | |
| 260 | |b Hội Nhà văn | ||
| 260 | |c 2015 | ||
| 650 | |a Tiểu thuyết Việt Nam; Văn học Việt Nam; | ||
| 927 | |a Sách | ||
| 980 | |a Trung tâm Thư viện - Trường Đại học Công nghiệp TP. Hồ Chí Minh | ||